| 000 | 00386cam a22001337a 4500 | ||
|---|---|---|---|
| 008 | 180718b1984 xxu||||| |||| 00| 0 eng d | ||
| 082 | _aT19x54 Sa82 | ||
| 100 | _aSathe, V. | ||
| 245 |
_aTowards social revolution : a case for economic democracy _cby V. Sathe |
||
| 260 |
_aDelhi _bVikas _c1984 |
||
| 300 | _a240p. | ||
| 650 | _aDemocracy - India | ||
| 650 | _aEconomic development - India | ||
| 999 |
_c353637 _d353637 |
||